Marketingová prezentácia Slovenska ako destinácie prostredníctvom SACR vo vybranom období

Problematika prezentácie Slovenskej republiky v zahraničí vo vybranom období vstupu Slovenska do EÚ až po roky, kedy turizmus na Slovensku zasiahla svetová hospodárska kríza (2003 – 2010). Porovnanie, charakteristika a zhodnotenie spôsobov, ako bolo vo vybranom období Slovensko prezentované v zahran...

Description complète

Enregistré dans:
Détails bibliographiques
Auteur principal: Šambronská, Kristína
Autres auteurs: Matušíková, Daniela, Żegleń, Patrycja
Format: Chapitre de livre
Langue:slovaque
Sujets:
Tags: Ajouter un tag
Pas de tags, Soyez le premier à ajouter un tag!

MARC

LEADER 00000nla a2200000 4500
001 0243125
005 20240417075139.6
041 0 |a slo 
044 |a SK 
245 1 0 |a Marketingová prezentácia Slovenska ako destinácie prostredníctvom SACR vo vybranom období  |c Kristína Šambronská, Daniela Matušíková, Patrycja Żegleń 
520 |a Problematika prezentácie Slovenskej republiky v zahraničí vo vybranom období vstupu Slovenska do EÚ až po roky, kedy turizmus na Slovensku zasiahla svetová hospodárska kríza (2003 – 2010). Porovnanie, charakteristika a zhodnotenie spôsobov, ako bolo vo vybranom období Slovensko prezentované v zahraničí. Komparácia prezentácie s Českou republikou. 
610 2 0 |a ruch cestovný 
610 2 0 |a ruch cestovný domáci 
610 2 0 |a ruch cestovný medzinárodný 
610 2 0 |a marketing 
610 2 0 |a analýza komparatívna 
610 2 0 |a Slovensko 
610 2 0 |a Česko 
100 1 |a Šambronská, Kristína 
700 1 |a Matušíková, Daniela 
700 1 |a Żegleń, Patrycja